[Event "DEM U16 2024"]
[Site "Willingen GER"]
[Date "2024.05.19"]
[Round "2"]
[White "Strehse, Nelson"]
[Black "von Mettenheim, Johannes"]
[Result "0-1"]
[Termination "normal"]
[Board "1"]
[WhiteElo "2156"]
[BlackElo "2293"]
[WhiteClock "00:00:33"]
[BlackClock "00:02:35"]
[PlyCount "76"]
[WhiteFideId "16228898"]
[BlackFideId "16244818"]
[EventCountry "GER"]
[EventRounds "9"]
[EventType "swiss"]
[EventDate "2024.05.18"]

1. e4 {[%clk 01:30:56]} {[%emt 00:00:03]} c6 {[%clk 01:30:57]} {[%emt
00:00:04]} 2. d4 {[%clk 01:31:07]} {[%emt 00:00:18]} d5 {[%clk 01:31:23]}
{[%emt 00:00:05]} 3. exd5 {[%clk 01:31:20]} {[%emt 00:00:18]} cxd5 {[%clk
01:31:47]} {[%emt 00:00:05]} 4. c4 {[%clk 01:31:29]} {[%emt 00:00:21]} Nf6
{[%clk 01:32:10]} {[%emt 00:00:06]} 5. Nc3 {[%clk 01:31:42]} {[%emt 00:00:17]}
Nc6 {[%clk 01:32:34]} {[%emt 00:00:08]} 6. Nf3 {[%clk 01:31:51]} {[%emt
00:00:19]} Be6 {[%clk 01:32:20]} {[%emt 00:00:45]} 7. c5 {[%clk 01:31:57]}
{[%emt 00:00:23]} g6 {[%clk 01:32:45]} {[%emt 00:00:06]} 8. Bb5 {[%clk
01:32:20]} {[%emt 00:00:07]} Bg7 {[%clk 01:33:09]} {[%emt 00:00:05]} 9. O-O
{[%clk 01:32:39]} {[%emt 00:00:11]} O-O {[%clk 01:33:35]} {[%emt 00:00:05]} 10.
h3 {[%clk 01:32:10]} {[%emt 00:00:58]} Ne4 {[%clk 01:31:43]} {[%emt 00:02:23]}
11. Bf4 {[%clk 01:27:32]} {[%emt 00:05:07]} Nxc3 {[%clk 01:23:26]} {[%emt
00:08:47]} 12. bxc3 {[%clk 01:27:53]} {[%emt 00:00:10]} Na5 {[%clk 01:23:46]}
{[%emt 00:00:10]} 13. Re1 {[%clk 01:22:20]} {[%emt 00:06:02]} b6 {[%clk
01:14:49]} {[%emt 00:09:28]} 14. c6 {[%clk 01:18:54]} {[%emt 00:03:56]} Qe8
{[%clk 01:14:29]} {[%emt 00:00:49]} 15. Qe2 {[%clk 00:51:04]} {[%emt 00:28:20]}
Nxc6 {[%clk 01:09:16]} {[%emt 00:05:43]} 16. Rac1 {[%clk 00:47:05]} {[%emt
00:04:29]} h6 {[%clk 00:56:23]} {[%emt 00:13:24]} 17. Qd2 {[%clk 00:30:57]}
{[%emt 00:16:35]} Kh7 {[%clk 00:46:55]} {[%emt 00:10:00]} 18. Re2 {[%clk
00:20:34]} {[%emt 00:10:52]} a6 {[%clk 00:37:59]} {[%emt 00:09:27]} 19. Bd3
{[%clk 00:20:21]} {[%emt 00:00:42]} Qd7 {[%clk 00:34:35]} {[%emt 00:03:55]} 20.
Nh4 {[%clk 00:18:33]} {[%emt 00:02:17]} Bf6 {[%clk 00:32:26]} {[%emt 00:02:40]}
21. Nf3 {[%clk 00:18:55]} {[%emt 00:00:08]} Bg7 {[%clk 00:31:29]} {[%emt
00:01:27]} 22. Nh4 {[%clk 00:19:15]} {[%emt 00:00:09]} f5 {[%clk 00:29:15]}
{[%emt 00:02:45]} 23. Rce1 {[%clk 00:17:39]} {[%emt 00:02:05]} Bf7 {[%clk
00:29:17]} {[%emt 00:00:28]} 24. g4 {[%clk 00:15:29]} {[%emt 00:02:40]} e6
{[%clk 00:26:08]} {[%emt 00:03:40]} 25. Kh2 {[%clk 00:13:10]} {[%emt 00:02:49]}
b5 {[%clk 00:15:14]} {[%emt 00:11:25]} 26. Qc2 {[%clk 00:10:28]} {[%emt
00:03:11]} Rac8 {[%clk 00:10:04]} {[%emt 00:05:40]} 27. gxf5 {[%clk 00:04:20]}
{[%emt 00:06:38]} exf5 {[%clk 00:10:12]} {[%emt 00:00:23]} 28. Qb1 {[%clk
00:04:15]} {[%emt 00:00:34]} Qd8 {[%clk 00:04:21]} {[%emt 00:06:20]} 29. Nf3
{[%clk 00:03:03]} {[%emt 00:01:42]} Qa5 {[%clk 00:04:04]} {[%emt 00:00:48]} 30.
Rg1 {[%clk 00:02:49]} {[%emt 00:00:44]} Qxc3 {[%clk 00:03:20]} {[%emt
00:01:15]} 31. Re3 {[%clk 00:00:31]} {[%emt 00:02:47]} Nxd4 {[%clk 00:01:26]}
{[%emt 00:02:24]} 32. Bxf5 {[%clk 00:00:34]} {[%emt 00:00:27]} Nxf3+ {[%clk
00:01:40]} {[%emt 00:00:16]} 33. Kh1 {[%clk 00:00:45]} {[%emt 00:00:19]} Qf6
{[%clk 00:01:54]} {[%emt 00:00:15]} 34. Bxc8 {[%clk 00:00:32]} {[%emt
00:00:44]} Nxg1 {[%clk 00:02:00]} {[%emt 00:00:23]} 35. Be5 {[%clk 00:00:32]}
{[%emt 00:00:30]} Qxf2 {[%clk 00:02:05]} {[%emt 00:00:26]} 36. Bxg7 {[%clk
00:00:49]} {[%emt 00:00:13]} Nf3 {[%clk 00:01:50]} {[%emt 00:00:45]} 37. Be5
{[%clk 00:00:31]} {[%emt 00:00:48]} Qxe3 {[%clk 00:02:13]} {[%emt 00:00:07]}
38. Bxa6 {[%clk 00:00:33]} {[%emt 00:00:29]} Qxe5 {[%clk 00:02:35]} {[%emt
00:00:07]} 0-1

[Event "DEM U16 2024"]
[Site "Willingen GER"]
[Date "2024.05.19"]
[Round "2"]
[White "Klaska, Philipp Leon"]
[Black "Torosyan, Bagrat"]
[Result "1/2-1/2"]
[Termination "normal"]
[Board "3"]
[WhiteElo "2142"]
[BlackElo "2115"]
[WhiteClock "00:01:14"]
[BlackClock "00:04:43"]
[PlyCount "175"]
[WhiteFideId "16238044"]
[BlackFideId "16258134"]
[EventCountry "GER"]
[EventRounds "9"]
[EventType "swiss"]
[EventDate "2024.05.18"]

1. e4 {[%clk 01:30:52]} {[%emt 00:00:08]} c5 {[%clk 01:30:54]} {[%emt
00:00:06]} 2. Nf3 {[%clk 01:31:13]} {[%emt 00:00:09]} e6 {[%clk 01:31:17]}
{[%emt 00:00:08]} 3. g3 {[%clk 01:29:19]} {[%emt 00:02:24]} Nc6 {[%clk
01:30:09]} {[%emt 00:01:38]} 4. Bg2 {[%clk 01:29:35]} {[%emt 00:00:14]} Nf6
{[%clk 01:24:23]} {[%emt 00:06:14]} 5. Qe2 {[%clk 01:29:39]} {[%emt 00:00:28]}
d5 {[%clk 01:23:36]} {[%emt 00:01:16]} 6. d3 {[%clk 01:19:06]} {[%emt
00:11:04]} Be7 {[%clk 01:21:21]} {[%emt 00:02:44]} 7. O-O {[%clk 01:17:24]}
{[%emt 00:02:12]} O-O {[%clk 01:20:22]} {[%emt 00:01:29]} 8. e5 {[%clk
01:10:25]} {[%emt 00:07:30]} Nd7 {[%clk 01:19:55]} {[%emt 00:00:56]} 9. Re1
{[%clk 01:10:32]} {[%emt 00:00:23]} b5 {[%clk 01:14:49]} {[%emt 00:05:36]} 10.
Nbd2 {[%clk 00:55:57]} {[%emt 00:15:05]} Ba6 {[%clk 00:59:53]} {[%emt
00:15:26]} 11. c3 {[%clk 00:54:10]} {[%emt 00:02:17]} Qb6 {[%clk 00:48:46]}
{[%emt 00:11:35]} 12. Nf1 {[%clk 00:48:21]} {[%emt 00:06:21]} d4 {[%clk
00:45:10]} {[%emt 00:04:06]} 13. cxd4 {[%clk 00:40:09]} {[%emt 00:08:42]} cxd4
{[%clk 00:45:24]} {[%emt 00:00:16]} 14. Bg5 {[%clk 00:38:48]} {[%emt 00:01:46]}
Rac8 {[%clk 00:35:46]} {[%emt 00:10:14]} 15. Bxe7 {[%clk 00:22:51]} {[%emt
00:16:27]} Nxe7 {[%clk 00:36:08]} {[%emt 00:00:08]} 16. Rec1 {[%clk 00:21:34]}
{[%emt 00:01:46]} Rfd8 {[%clk 00:28:54]} {[%emt 00:07:45]} 17. N1d2 {[%clk
00:21:10]} {[%emt 00:00:53]} Nc5 {[%clk 00:28:21]} {[%emt 00:01:03]} 18. Ne4
{[%clk 00:16:38]} {[%emt 00:05:02]} Nxe4 {[%clk 00:26:30]} {[%emt 00:02:22]}
19. Qxe4 {[%clk 00:17:06]} Bb7 {[%clk 00:26:10]} {[%emt 00:00:51]} 20. Qh4
{[%clk 00:15:56]} {[%emt 00:01:39]} Ng6 {[%clk 00:25:39]} {[%emt 00:01:02]} 21.
Qh5 {[%clk 00:14:20]} {[%emt 00:02:03]} Bxf3 {[%clk 00:24:39]} {[%emt
00:01:32]} 22. Bxf3 {[%clk 00:13:07]} {[%emt 00:01:44]} Rc5 {[%clk 00:24:37]}
{[%emt 00:00:31]} 23. Rxc5 {[%clk 00:11:34]} {[%emt 00:02:03]} Qxc5 {[%clk
00:25:03]} {[%emt 00:00:04]} 24. Be4 {[%clk 00:11:48]} {[%emt 00:00:16]} f5
{[%clk 00:25:15]} {[%emt 00:00:18]} 25. Bg2 {[%clk 00:11:15]} {[%emt 00:01:02]}
Rc8 {[%clk 00:16:10]} {[%emt 00:09:36]} 26. Qf3 {[%clk 00:08:53]} {[%emt
00:02:46]} Nxe5 {[%clk 00:14:29]} {[%emt 00:02:18]} 27. Qe2 {[%clk 00:08:12]}
{[%emt 00:01:09]} Re8 {[%clk 00:13:10]} {[%emt 00:01:49]} 28. Re1 {[%clk
00:07:14]} {[%emt 00:01:29]} Nf7 {[%clk 00:13:19]} {[%emt 00:00:21]} 29. Qd2
{[%clk 00:07:10]} {[%emt 00:00:34]} Qd6 {[%clk 00:04:57]} {[%emt 00:08:52]} 30.
Rc1 {[%clk 00:07:12]} {[%emt 00:00:29]} Nd8 {[%clk 00:05:14]} {[%emt 00:00:12]}
31. Qa5 {[%clk 00:05:19]} {[%emt 00:02:20]} Qb6 {[%clk 00:03:57]} {[%emt
00:01:50]} 32. Qxb6 {[%clk 00:03:20]} {[%emt 00:02:30]} axb6 {[%clk 00:04:26]}
33. f4 {[%clk 00:03:24]} {[%emt 00:00:26]} Kf7 {[%clk 00:03:17]} {[%emt
00:01:38]} 34. Rc8 {[%clk 00:03:32]} {[%emt 00:00:20]} e5 {[%clk 00:02:01]}
{[%emt 00:01:48]} 35. fxe5 {[%clk 00:02:45]} {[%emt 00:01:18]} Ne6 {[%clk
00:01:11]} {[%emt 00:01:20]} 36. Rc6 {[%clk 00:02:07]} {[%emt 00:01:06]} Nc5
{[%clk 00:01:12]} {[%emt 00:00:30]} 37. Bd5+ {[%clk 00:01:19]} {[%emt
00:01:19]} Kf8 {[%clk 00:01:24]} {[%emt 00:00:18]} 38. e6 {[%clk 00:01:05]}
{[%emt 00:00:43]} Nxd3 {[%clk 00:01:09]} {[%emt 00:00:46]} 39. Rxb6 {[%clk
00:01:09]} {[%emt 00:00:25]} Nc5 {[%clk 00:00:40]} {[%emt 00:00:59]} 40. Rxb5
{[%clk 00:00:53]} {[%emt 00:00:47]} Nxe6 {[%clk 00:01:03]} {[%emt 00:00:07]}
41. Bxe6 {[%clk 00:15:30]} {[%emt 00:15:53]} Rxe6 {[%clk 00:31:31]} {[%emt
00:00:02]} 42. Rxf5+ {[%clk 00:15:54]} {[%emt 00:00:06]} Ke7 {[%clk 00:31:56]}
{[%emt 00:00:05]} 43. Kf1 {[%clk 00:14:09]} {[%emt 00:02:12]} Rc6 {[%clk
00:29:58]} {[%emt 00:02:30]} 44. Rf2 {[%clk 00:13:48]} {[%emt 00:00:48]} Ke6
{[%clk 00:27:53]} {[%emt 00:02:38]} 45. Ke2 {[%clk 00:13:13]} {[%emt 00:01:05]}
Ke5 {[%clk 00:27:26]} {[%emt 00:00:57]} 46. Kd2 {[%clk 00:13:04]} {[%emt
00:00:37]} g5 {[%clk 00:26:27]} {[%emt 00:01:31]} 47. Re2+ {[%clk 00:11:46]}
{[%emt 00:01:47]} Kd5 {[%clk 00:26:29]} {[%emt 00:00:27]} 48. Re7 {[%clk
00:11:09]} {[%emt 00:01:08]} Rh6 {[%clk 00:26:17]} {[%emt 00:00:42]} 49. Re2
{[%clk 00:11:10]} {[%emt 00:00:29]} Rc6 {[%clk 00:26:31]} {[%emt 00:00:17]} 50.
Kd3 {[%clk 00:06:16]} {[%emt 00:05:23]} Rf6 {[%clk 00:25:02]} {[%emt 00:01:59]}
51. Re7 {[%clk 00:05:36]} {[%emt 00:01:09]} Rf2 {[%clk 00:20:19]} {[%emt
00:05:14]} 52. Rxh7 {[%clk 00:05:17]} {[%emt 00:00:49]} Rxb2 {[%clk 00:20:30]}
{[%emt 00:00:20]} 53. Rh5 {[%clk 00:04:46]} {[%emt 00:01:01]} Rxa2 {[%clk
00:20:33]} {[%emt 00:00:27]} 54. Rxg5+ {[%clk 00:05:10]} {[%emt 00:00:06]} Ke6
{[%clk 00:20:55]} {[%emt 00:00:08]} 55. h4 {[%clk 00:05:12]} {[%emt 00:00:28]}
Ra4 {[%clk 00:20:10]} {[%emt 00:01:14]} 56. h5 {[%clk 00:05:15]} {[%emt
00:00:27]} Kf6 {[%clk 00:20:00]} {[%emt 00:00:40]} 57. Rg6+ {[%clk 00:03:26]}
{[%emt 00:02:20]} Ke5 {[%clk 00:19:58]} {[%emt 00:00:32]} 58. Rg5+ {[%clk
00:02:39]} {[%emt 00:01:16]} Kf6 {[%clk 00:20:16]} {[%emt 00:00:13]} 59. Rg4
{[%clk 00:02:29]} {[%emt 00:00:38]} Kf5 {[%clk 00:19:31]} {[%emt 00:01:16]} 60.
Rg8 {[%clk 00:02:12]} {[%emt 00:00:47]} Ke5 {[%clk 00:18:14]} {[%emt 00:01:48]}
61. h6 {[%clk 00:01:54]} {[%emt 00:00:47]} Ra3+ {[%clk 00:18:29]} {[%emt
00:00:16]} 62. Kc4 {[%clk 00:01:49]} {[%emt 00:00:34]} Rc3+ {[%clk 00:18:39]}
{[%emt 00:00:21]} 63. Kb4 {[%clk 00:02:10]} {[%emt 00:00:08]} Rc7 {[%clk
00:19:03]} {[%emt 00:00:06]} 64. Rg7 {[%clk 00:01:36]} {[%emt 00:01:04]} Rc8
{[%clk 00:18:50]} {[%emt 00:00:44]} 65. h7 {[%clk 00:00:56]} {[%emt 00:01:10]}
Rh8 {[%clk 00:19:16]} {[%emt 00:00:04]} 66. Kc4 {[%clk 00:01:06]} {[%emt
00:00:19]} Kf6 {[%clk 00:16:52]} {[%emt 00:02:55]} 67. Rd7 {[%clk 00:01:29]}
{[%emt 00:00:06]} Ke5 {[%clk 00:16:47]} {[%emt 00:00:36]} 68. Rd5+ {[%clk
00:00:54]} {[%emt 00:01:05]} Kf6 {[%clk 00:16:50]} {[%emt 00:00:28]} 69. Rd7
{[%clk 00:01:00]} {[%emt 00:00:23]} Ke5 {[%clk 00:17:10]} {[%emt 00:00:10]} 70.
g4 {[%clk 00:01:05]} {[%emt 00:00:25]} Ke6 {[%clk 00:08:16]} {[%emt 00:09:23]}
71. Ra7 {[%clk 00:01:18]} {[%emt 00:00:18]} Kf6 {[%clk 00:07:36]} {[%emt
00:01:10]} 72. Kxd4 {[%clk 00:01:37]} {[%emt 00:00:11]} Kg6 {[%clk 00:07:15]}
{[%emt 00:00:51]} 73. Ke4 {[%clk 00:01:42]} {[%emt 00:00:22]} Re8+ {[%clk
00:07:03]} {[%emt 00:00:46]} 74. Kf4 {[%clk 00:01:59]} {[%emt 00:00:12]} Rf8+
{[%clk 00:06:05]} {[%emt 00:01:28]} 75. Ke5 {[%clk 00:02:04]} {[%emt 00:00:24]}
Re8+ {[%clk 00:06:19]} {[%emt 00:00:17]} 76. Kd6 {[%clk 00:02:26]} {[%emt
00:00:07]} Rd8+ {[%clk 00:05:18]} {[%emt 00:01:32]} 77. Ke7 {[%clk 00:01:36]}
{[%emt 00:01:19]} Rh8 {[%clk 00:05:36]} {[%emt 00:00:11]} 78. Ra6+ {[%clk
00:01:14]} {[%emt 00:00:55]} Kxh7 {[%clk 00:04:43]} {[%emt 00:01:23]} 79. Kf7
Rg8 80. Ra4 Rg7+ 81. Kf6 Rg6+ 82. Kf5 Rb6 83. Ra7+ Kg8 84. Kg5 Rc6 85. Kh5 Rb6
86. g5 Rc6 87. g6 Rc1 88. Kh6 1/2-1/2

[Event "DEM U16 2024"]
[Site "Willingen GER"]
[Date "2024.05.19"]
[Round "2"]
[White "Sauer, Tim"]
[Black "Hoppstädter, Daniel"]
[Result "1-0"]
[Termination "normal"]
[Board "4"]
[WhiteElo "2053"]
[BlackElo "2155"]
[WhiteClock "00:25:11"]
[BlackClock "00:33:16"]
[PlyCount "27"]
[WhiteFideId "16265726"]
[BlackFideId "16243625"]
[EventCountry "GER"]
[EventRounds "9"]
[EventType "swiss"]
[EventDate "2024.05.18"]

1. d4 {[%clk 01:30:57]} {[%emt 00:00:03]} Nf6 {[%clk 01:30:50]} {[%emt
00:00:10]} 2. Nf3 {[%clk 01:31:18]} {[%emt 00:00:09]} c5 {[%clk 01:30:15]}
{[%emt 00:01:05]} 3. d5 {[%clk 01:31:38]} {[%emt 00:00:11]} e6 {[%clk
01:30:38]} {[%emt 00:00:06]} 4. Nc3 {[%clk 01:23:29]} {[%emt 00:08:39]} exd5
{[%clk 01:30:54]} {[%emt 00:00:15]} 5. Nxd5 {[%clk 01:23:52]} {[%emt 00:00:07]}
Nxd5 {[%clk 01:30:30]} {[%emt 00:00:54]} 6. Qxd5 {[%clk 01:24:14]} {[%emt
00:00:08]} Nc6 {[%clk 01:30:01]} {[%emt 00:00:59]} 7. e4 {[%clk 01:20:14]}
{[%emt 00:04:30]} d6 {[%clk 01:29:28]} {[%emt 00:01:02]} 8. Ng5 {[%clk
01:12:34]} {[%emt 00:08:11]} Qe7 {[%clk 01:26:36]} {[%emt 00:03:21]} 9. Bc4
{[%clk 01:06:15]} {[%emt 00:06:50]} Ne5 {[%clk 01:12:21]} {[%emt 00:14:45]} 10.
Bb5+ {[%clk 01:05:15]} {[%emt 00:01:30]} Nd7 {[%clk 01:12:44]} {[%emt
00:00:06]} 11. Bf4 {[%clk 00:51:53]} {[%emt 00:13:52]} Qf6 {[%clk 00:43:17]}
{[%emt 00:29:57]} 12. g3 {[%clk 00:27:56]} {[%emt 00:24:27]} h6 {[%clk
00:40:02]} {[%emt 00:03:44]} 13. e5 {[%clk 00:24:54]} {[%emt 00:03:33]} dxe5
{[%clk 00:33:16]} {[%emt 00:07:16]} 14. O-O-O {[%clk 00:25:11]} {[%emt
00:00:14]} 1-0

[Event "DEM U16 2024"]
[Site "Willingen GER"]
[Date "2024.05.19"]
[Round "2"]
[White "Lutze, Max"]
[Black "Semling, Julius"]
[Result "1/2-1/2"]
[Termination "normal"]
[Board "5"]
[WhiteElo "2054"]
[BlackElo "2204"]
[WhiteClock "00:23:51"]
[BlackClock "00:03:19"]
[PlyCount "111"]
[WhiteFideId "34614850"]
[BlackFideId "16290160"]
[EventCountry "GER"]
[EventRounds "9"]
[EventType "swiss"]
[EventDate "2024.05.18"]

1. e4 {[%clk 01:30:57]} {[%emt 00:00:02]} c5 {[%clk 01:30:46]} {[%emt
00:00:15]} 2. Nf3 {[%clk 01:31:20]} {[%emt 00:00:07]} d6 {[%clk 01:31:10]}
{[%emt 00:00:06]} 3. d4 {[%clk 01:31:45]} {[%emt 00:00:05]} cxd4 {[%clk
01:31:34]} {[%emt 00:00:06]} 4. Nxd4 {[%clk 01:32:11]} {[%emt 00:00:04]} Nf6
{[%clk 01:31:53]} {[%emt 00:00:11]} 5. Nc3 {[%clk 01:32:36]} {[%emt 00:00:05]}
Nc6 {[%clk 01:32:13]} {[%emt 00:00:10]} 6. Be2 {[%clk 01:26:41]} {[%emt
00:06:24]} e5 {[%clk 01:30:40]} {[%emt 00:02:03]} 7. Nb3 {[%clk 01:25:38]}
{[%emt 00:01:34]} Be7 {[%clk 01:30:25]} {[%emt 00:00:44]} 8. O-O {[%clk
01:24:05]} {[%emt 00:02:03]} O-O {[%clk 01:30:47]} {[%emt 00:00:09]} 9. Be3
{[%clk 01:20:42]} {[%emt 00:03:52]} Be6 {[%clk 01:29:09]} {[%emt 00:02:09]} 10.
Bf3 {[%clk 01:16:45]} {[%emt 00:04:27]} Na5 {[%clk 01:19:30]} {[%emt 00:10:10]}
11. Nxa5 {[%clk 01:13:03]} {[%emt 00:04:12]} Qxa5 {[%clk 01:19:57]} {[%emt
00:00:02]} 12. Qd2 {[%clk 01:09:39]} {[%emt 00:03:54]} Qa6 {[%clk 01:13:30]}
{[%emt 00:06:58]} 13. Rfd1 {[%clk 01:01:38]} {[%emt 00:08:31]} Rfd8 {[%clk
01:09:16]} {[%emt 00:04:43]} 14. Be2 {[%clk 00:56:03]} {[%emt 00:06:06]} Bc4
{[%clk 01:07:48]} {[%emt 00:01:57]} 15. Bxc4 {[%clk 00:55:33]} {[%emt
00:01:01]} Qxc4 {[%clk 01:08:13]} {[%emt 00:00:06]} 16. Bg5 {[%clk 00:54:40]}
{[%emt 00:01:22]} Rac8 {[%clk 01:04:23]} {[%emt 00:04:19]} 17. Bxf6 {[%clk
00:51:32]} {[%emt 00:03:39]} Bxf6 {[%clk 01:03:45]} {[%emt 00:01:09]} 18. a4
{[%clk 00:50:33]} {[%emt 00:01:29]} Qb4 {[%clk 00:59:10]} {[%emt 00:05:02]} 19.
Ra3 {[%clk 00:47:23]} {[%emt 00:03:42]} Rd7 {[%clk 00:54:33]} {[%emt 00:05:07]}
20. Rb3 {[%clk 00:46:21]} {[%emt 00:01:33]} Qc4 {[%clk 00:51:45]} {[%emt
00:03:16]} 21. Rb5 {[%clk 00:37:58]} {[%emt 00:08:54]} h6 {[%clk 00:40:07]}
{[%emt 00:12:08]} 22. Rd5 {[%clk 00:34:47]} {[%emt 00:03:41]} Qb4 {[%clk
00:36:05]} {[%emt 00:04:31]} 23. Rb5 {[%clk 00:33:19]} {[%emt 00:01:58]} Qc4
{[%clk 00:35:49]} {[%emt 00:00:47]} 24. Qd3 {[%clk 00:32:29]} {[%emt 00:01:20]}
Kf8 {[%clk 00:26:18]} {[%emt 00:10:02]} 25. g3 {[%clk 00:27:25]} {[%emt
00:05:34]} Qxd3 {[%clk 00:16:49]} {[%emt 00:09:58]} 26. Rxd3 {[%clk 00:27:45]}
{[%emt 00:00:10]} a6 {[%clk 00:14:28]} {[%emt 00:02:51]} 27. Rbd5 {[%clk
00:26:13]} {[%emt 00:02:01]} Ke7 {[%clk 00:12:55]} {[%emt 00:02:03]} 28. Kf1
{[%clk 00:26:24]} {[%emt 00:00:19]} Ke6 {[%clk 00:12:13]} {[%emt 00:01:12]} 29.
Ke2 {[%clk 00:26:42]} {[%emt 00:00:12]} Bd8 {[%clk 00:11:35]} {[%emt 00:01:08]}
30. f4 {[%clk 00:25:22]} {[%emt 00:01:50]} f6 {[%clk 00:03:43]} {[%emt
00:08:23]} 31. Kd2 {[%clk 00:25:08]} {[%emt 00:00:43]} g6 {[%clk 00:02:09]}
{[%emt 00:02:04]} 32. b3 {[%clk 00:23:58]} {[%emt 00:01:41]} Bb6 {[%clk
00:01:28]} {[%emt 00:01:10]} 33. Ne2 {[%clk 00:24:12]} {[%emt 00:00:15]} Rc5
{[%clk 00:00:58]} {[%emt 00:01:00]} 34. c4 {[%clk 00:19:04]} {[%emt 00:05:39]}
Rxd5 {[%clk 00:00:44]} {[%emt 00:00:45]} 35. Rxd5 {[%clk 00:19:20]} {[%emt
00:00:13]} Rc7 {[%clk 00:00:33]} {[%emt 00:00:41]} 36. g4 {[%clk 00:16:52]}
{[%emt 00:02:57]} Rg7 {[%clk 00:00:31]} {[%emt 00:00:32]} 37. Kd3 {[%clk
00:15:39]} {[%emt 00:01:43]} Bc5 {[%clk 00:00:36]} {[%emt 00:00:25]} 38. h4
{[%clk 00:13:16]} {[%emt 00:02:52]} Bb6 {[%clk 00:00:32]} {[%emt 00:00:36]} 39.
b4 {[%clk 00:12:05]} {[%emt 00:01:40]} Bf2 {[%clk 00:00:38]} {[%emt 00:00:22]}
40. h5 {[%clk 00:00:46]} {[%emt 00:11:50]} gxh5 {[%clk 00:00:58]} {[%emt
00:00:10]} 41. gxh5 {[%clk 00:00:43]} {[%emt 00:00:33]} Rg4 {[%clk 00:24:18]}
{[%emt 00:07:10]} 42. fxe5 {[%clk 00:29:31]} {[%emt 00:01:43]} fxe5 {[%clk
00:21:24]} {[%emt 00:03:24]} 43. c5 {[%clk 00:28:06]} {[%emt 00:01:54]} dxc5
{[%clk 00:20:44]} {[%emt 00:01:10]} 44. bxc5 {[%clk 00:28:28]} {[%emt
00:00:08]} Kf6 {[%clk 00:13:42]} {[%emt 00:07:32]} 45. Rd6+ {[%clk 00:24:24]}
{[%emt 00:04:35]} Kg5 {[%clk 00:11:43]} {[%emt 00:02:29]} 46. c6 {[%clk
00:24:23]} {[%emt 00:00:30]} bxc6 {[%clk 00:11:29]} {[%emt 00:00:44]} 47. Rxc6
{[%clk 00:24:46]} {[%emt 00:00:07]} Kxh5 {[%clk 00:09:36]} {[%emt 00:02:22]}
48. Rxa6 {[%clk 00:25:08]} {[%emt 00:00:09]} Rg6 {[%clk 00:07:47]} {[%emt
00:02:18]} 49. Rxg6 {[%clk 00:23:01]} {[%emt 00:02:37]} Kxg6 {[%clk 00:08:09]}
{[%emt 00:00:09]} 50. Nc1 {[%clk 00:23:18]} {[%emt 00:00:12]} Kg5 {[%clk
00:05:55]} {[%emt 00:02:43]} 51. Ke2 {[%clk 00:23:37]} {[%emt 00:00:12]} Bb6
{[%clk 00:04:29]} {[%emt 00:01:54]} 52. Kf3 {[%clk 00:23:37]} {[%emt 00:00:31]}
h5 {[%clk 00:04:50]} {[%emt 00:00:10]} 53. Kg3 {[%clk 00:22:52]} {[%emt
00:01:15]} h4+ {[%clk 00:04:24]} {[%emt 00:00:56]} 54. Kh3 {[%clk 00:23:16]}
{[%emt 00:00:06]} Kf4 {[%clk 00:03:01]} {[%emt 00:01:52]} 55. Nd3+ {[%clk
00:23:29]} {[%emt 00:00:18]} Kxe4 {[%clk 00:03:19]} {[%emt 00:00:12]} 56. Nxe5
{[%clk 00:23:51]} {[%emt 00:00:08]} 1/2-1/2